Original 190 Pokémon - Statistics

General Stats
  • This quiz has been taken 2 times
  • The average score is 88 of 191
Answer Stats
Index Final Number Pokémon % Correct
0 XXX 'M
100%
1 112 Rhydon
100%
79 - (4F) 1st Fish Pokémon
50%
94 - (5E) 1st Lizard Pokémon
50%
63 - (3F) 1st Squid Pokémon
50%
80 - (50) 2nd Fish Pokémon
50%
95 - (5F) 2nd Lizard Pokémon
50%
122 - (7A) 2nd Squid Pokémon
50%
174 - (AE) 3rd Lizard Pokémon
50%
148 063 Abra
50%
171 142 Aerodactyl
50%
183 - (B7) Aerodactyl Fossil
50%
149 065 Alakazam
50%
45 024 Arbok
50%
20 059 Arcanine
50%
74 144 Articuno
50%
114 015 Beedrill
50%
188 069 Bellsprout
50%
28 009 Blastoise
50%
172 - (AC) Blastoise Baby
50%
153 001 Bulbasaur
50%
125 012 Butterfree
50%
123 010 Caterpie
50%
135 - (87) Celebi
50%
40 113 Chansey
50%
180 006 Charizard
50%
176 004 Charmander
50%
178 005 Charmeleon
50%
142 036 Clefable
50%
4 035 Clefairy
50%
139 091 Cloyster
50%
17 104 Cubone
50%
120 087 Dewgong
50%
59 050 Diglett
50%
76 132 Ditto
50%
116 085 Dodrio
50%
70 084 Doduo
50%
89 148 Dragonair
50%
66 149 Dragonite
50%
88 147 Dratini
50%
48 096 Drowzee
50%
118 051 Dugtrio
50%
102 133 Eevee
50%
108 023 Ekans
50%
53 125 Electabuzz
50%
141 101 Electrode
50%
12 102 Exeggcute
50%
10 103 Exeggutor
50%
64 083 Farfetch'd
50%
35 022 Fearow
50%
103 136 Flareon
50%
86 - (56) Frog Pokémon
50%
25 092 Gastly
50%
14 094 Gengar
50%
169 074 Geodude
50%
186 044 Gloom
50%
130 042 Golbat
50%
157 118 Goldeen
50%
128 055 Golduck
50%
49 076 Golem
50%
175 - (AF) Gorochu
50%
39 075 Graveler
50%
13 088 Grimer
50%
33 058 Growlithe
50%
137 - (89) Gyaoon Pre-Evolution
50%
22 130 Gyarados
50%
147 093 Haunter
50%
44 107 Hitmonchan
50%
43 106 Hitmonlee
50%
92 116 Horsea
50%
129 097 Hypno
50%
9 002 Ivysaur
50%
100 039 Jigglypuff
50%
104 135 Jolteon
50%
72 124 Jynx
50%
90 140 Kabuto
50%
91 141 Kabutops
50%
182 - (B6) Kabutops Fossil
50%
38 064 Kadabra
50%
113 014 Kakuna
50%
2 115 Kangaskhan
50%
138 099 Kingler
50%
55 109 Koffing
50%
78 098 Krabby
50%
19 131 Lapras
50%
11 108 Lickitung
50%
126 068 Machamp
50%
41 067 Machoke
50%
106 066 Machop
50%
133 129 Magikarp
50%
51 126 Magmar
50%
173 081 Magnemite
50%
54 082 Magneton
50%
140 - (8C) Magneton Pre-Evolution
50%
57 056 Mankey
50%
145 105 Marowak
50%
146 - (92) Marowak Evolution
50%
77 052 Meowth
50%
124 011 Metapod
50%
21 151 Mew
50%
131 150 Mewtwo
50%
115 - (73) Missing Pokémon
50%
121 - (79) Missing Pokémon
50%
73 146 Moltres
50%
42 122 Mr. Mime
50%
136 089 Muk
50%
7 034 Nidoking
50%
16 016 Nidoqueen
50%
3 032 Nidoran♂
50%
15 029 Nidoran♀
50%
32 - (20) Nidoran♂-Like Pokémon
50%
168 030 Nidorina
50%
167 033 Nidorino
50%
83 038 Ninetales
50%
185 043 Oddish
50%
98 138 Omanyte
50%
99 139 Omastar
50%
34 095 Onix
50%
109 046 Paras
50%
46 047 Parasect
50%
144 053 Persian
50%
151 018 Pidgeot
50%
150 017 Pidgeotto
50%
36 016 Pidgey
50%
84 025 Pikachu
50%
29 127 Pinsir
50%
184 - (B8) Pokémon Tower Ghost
50%
71 060 Poliwag
50%
110 061 Poliwhirl
50%
111 062 Poliwrath
50%
163 077 Ponyta
50%
170 137 Porygon
50%
117 057 Primeape
50%
87 - (57) 186? Probably Politoed
50%
47 054 Psyduck
50%
85 026 Raichu
50%
164 078 Rapidash
50%
166 020 Raticate
50%
165 019 Rattata
50%
18 111 Rhyhorn
50%
96 027 Sandshrew
50%
97 028 Sandslash
50%
26 123 Scyther
50%
93 117 Seadra
50%
158 119 Seaking
50%
58 086 Seel
50%
23 090 Shellder
50%
8 080 Slowbro
50%
37 079 Slowpoke
50%
132 143 Snorlax
50%
5 021 Spearow
50%
177 007 Squirtle
50%
152 121 Starmie
50%
27 120 Staryu
50%
30 114 Tangela
50%
60 128 Tauros
50%
24 072 Tentacool
50%
155 073 Tentacruel
50%
105 134 Vaporeon
50%
119 049 Venomoth
50%
65 048 Venonat
50%
154 003 Venusaur
50%
190 071 Victreebel
50%
187 045 Vileplume
50%
6 100 Voltorb
50%
82 037 Vulpix
50%
179 008 Wartortle
50%
112 013 Weedle
50%
189 070 Weepinbell
50%
143 110 Weezing
50%
101 040 Wigglytuff
50%
75 145 Zapdos
50%
107 041 Zubat
50%
69 - (45) Zubat Baby
50%
50 - (32) Barunda(Balloonda)
0%
52 - (34) Buu
0%
67 - (43) Cactus
0%
62 - (3E) Crocky
0%
56 - (38) Deer
0%
61 - (3D) Elephant
0%
127 - (7F) Golduck Pre-Evolution
0%
31 - (1F) Gyaoon
0%
156 - (9C) Gyopin
0%
68 - (44) Jaggu
0%
134 - (86) Konya
0%
159 - (9F) Kotora
0%
81 - (51) Mikon
0%
162 - (A2) Puchikoon
0%
160 - (A0) Raitora
0%
161 - (A1) Raitora Evolution
0%
181 - (B5) Totartle
0%
No matching quizzes found
Score Distribution
Percent of People with Each Score
Percentile by Number Answered
Your Score History
You have not taken this quiz